| 000 | 00635nam a2200205 i 4500 | ||
|---|---|---|---|
| 001 | 64870 | ||
| 003 | ES-MaACL | ||
| 005 | 20251017063052.0 | ||
| 007 | t| | ||
| 008 | 040107s1918 fr ||||1| fre d | ||
| 100 | 1 |
_aFort, Paul, _d1872-1960 _951836 |
|
| 245 | 1 | 3 |
_aLa lanterne de Priollet _b: ou L'épopée du Luxembourg / _cPaul Fort. |
| 260 |
_aParis : _bEmile-Paul Frères, _c1918 ( _fChaix) |
||
| 300 |
_a280 p. ; _c19 cm. |
||
| 490 | 1 |
_aBallades françaises ; _v22 |
|
| 740 | 2 | _aL'épopée du Luxembourg. | |
| 830 | 0 |
_aBallades françaises ; _v22 _9230734 |
|
| 852 |
_aES-MaACL _jF-6647 |
||
| 999 |
_c64870 _d64870 |
||